000 00533nam a2200181Ia 4500
008 090124s9999 xx 000 0 und d
082 _b32684
100 _aआरेकर विश्र्वनाथ ज.
245 _a अनजायना
250 _a1
260 _c2004
300 _a144
600 _aआरेकर विश्र्वनाथ ज.
630 _a अनजायना
700 _aआरेकर विश्र्वनाथ ज.
730 _a अनजायना
942 _cBOOK
999 _c179106
_d179106